Islam mein Hayat Baad Almuimaat: (Record no. 592753)

000 -LEADER
fixed length control field 00497nam a22001337a 4500
082 ## - DEWEY DECIMAL CLASSIFICATION NUMBER
Classification number 297.2
Author Mark QAM
100 ## - MAIN ENTRY--PERSONAL NAME
Personal name Qamar, Muhammad Yusuf
245 ## - TITLE STATEMENT
Title Islam mein Hayat Baad Almuimaat:
Remainder of title maududi aur perwez ka ek mataliya /
Statement of responsibility, etc. Muhammad Yusuf Qamar
260 ## - PUBLICATION, DISTRIBUTION, ETC.
Place of publication, distribution, etc. Islamabad :
Name of publisher, distributor, etc. PPA Publications,
300 ## - PHYSICAL DESCRIPTION
Extent 199 p. ;
Dimensions 22 cm.
563 ## - BINDING INFORMATION
Binding note HBK.
880 ## - ALTERNATE GRAPHIC REPRESENTATION
Linkage 245-02\r
Title اسلام میں حیات بعد الممات:
b مودودی اور پرویز کا ایک مطالعہ /
942 ## - ADDED ENTRY ELEMENTS (KOHA)
Source of classification or shelving scheme
Koha item type Book
Holdings
Withdrawn status Lost status Source of classification or shelving scheme Damaged status Not for loan Permanent Location Current Location Shelving location Date acquired Source of acquisition Total Checkouts Full call number Barcode Date last seen Price effective from Koha item type
          Central Library (CL) Central Library (CL) Urdu Literature 12/21/2022 Donated by PPA Publications   297.2 QAM CL-D-2229 12/21/2022 12/21/2022 Book
© 2023 Central Library, National University of Sciences and Technology. All Rights Reserved.